Riconosci il Pokémon - Quiz n°420 - Statistics

Statistiche generali
  • Questo quiz è stato fatto 0 volte
  • Il punteggio medio è 0 su 10
Statistiche sulle risposte
Indizio Risposta % Corretto
Altezza 0,3 m
0%
Tasso di cattura 255 (43.9%)
0%
Peso 2,5 kg
0%
Sesso 50% ♂, 50% ♀
0%
Stadio evoluzione Forma Base
0%
Abilità Guancegonfie; Voracità
0%
Tasso di allevamento Medio-Veloce
0%
Tipo Normale
0%
Generazione Ottava
0%
Pokémon Skwovet
0%
Nessun quiz corrispondente trovato
Distribuzione punteggi
Percentuale di utenti per punteggio
Percentile per numero di risposta
I tuoi punteggi nel tempo
Non hai fatto questo quiz